[Event "Bundesliga 2009-10"]
[Site "Hamburg GER"]
[Date "2009.10.18"]
[Round "2"]
[White "McShane,L"]
[Black "Lauber,A"]
[Result "1/2-1/2"]
[WhiteElo "2615"]
[BlackElo "2517"]

1.e4 c6 2.Nf3 d5 3.Nc3 Bg4 4.h3 Bxf3 5.Qxf3 e6 6.Be2 Nd7 7.O-O dxe4 8.Nxe4 Ngf6
9.d4 Be7 10.Rd1 O-O 11.c4 Nxe4 12.Qxe4 Nf6 13.Qf3 Qc7 14.Bf4 Bd6 15.Bg5 Be7
16.Qb3 Rab8 17.Rac1 Rfd8 18.Bf3 e5 19.dxe5 Qxe5 20.Bh4 Bd6 21.Bg3 Qc5 22.Rxd6 Rxd6
23.Bxd6 Qxd6 24.Rd1 Qc7 25.Qe3 a6 26.Qd4 h6 27.b4 Re8 28.a4 Rc8 29.g3 Qe7
30.Qb6 Rc7 31.Kg2 Ne8 32.b5 axb5 33.cxb5 cxb5 34.axb5 Kf8 35.Qa7 Qc5 36.b6 Re7
37.Rd5 Qb4 38.Rf5 Nd6 39.Rd5 Ne8 40.Rf5 Nd6 41.Qa5 Qxa5 42.Rxa5 Nc4 43.Rb5 Re5
44.Rxe5 Nxe5 45.Bxb7 Nc4 46.h4 Nxb6 47.Bf3  1/2-1/2

[Event "17th TCh-Eur"]
[Site "Novi Sad SRB"]
[Date "2009.10.22"]
[Round "1"]
[White "McShane,L"]
[Black "Efimov,Ig"]
[Result "0-1"]
[WhiteElo "2615"]
[BlackElo "2433"]

1.e4 c5 2.d3 Nc6 3.f4 d5 4.Be2 Nf6 5.e5 Ng8 6.c3 Nh6 7.Nf3 Bg4 8.Be3 e6 9.Nbd2 Nf5
10.Bf2 h5 11.O-O Be7 12.h3 Bxf3 13.Nxf3 h4 14.a3 a5 15.d4 Qb6 16.Bd3 g6 17.c4 Ng3
18.Bxg3 hxg3 19.cxd5 exd5 20.Kh1 Qxb2 21.Rb1 Qxa3 22.Rxb7 c4 23.Bc2 Nb4 24.e6 O-O-O
25.Rxe7 Nxc2 26.Rxf7 Rxh3+ 27.gxh3 g2+ 28.Kxg2 Ne3+ 29.Kg3 Nxd1 30.Rxd1 c3
31.Rd3 Qb4 32.Ne1 Qc4 33.Re3 c2 34.e7 Re8 35.Rf8 Kd7 36.Nf3 Rxe7 37.Ne5+ Rxe5
38.fxe5 c1=Q 39.e6+ Ke7 40.Rf7+ Ke8  0-1

[Event "17th TCh-Eur"]
[Site "Novi Sad SRB"]
[Date "2009.10.23"]
[Round "2"]
[White "Gashimov,V"]
[Black "McShane,L"]
[Result "1/2-1/2"]
[WhiteElo "2740"]
[BlackElo "2615"]

1.e4 e5 2.Nf3 Nc6 3.Bb5 a6 4.Ba4 Nf6 5.O-O Be7 6.Re1 b5 7.Bb3 d6 8.c3 O-O
9.h3 Nb8 10.d4 Nbd7 11.Nbd2 Bb7 12.Bc2 Re8 13.a4 Bf8 14.Bd3 c6 15.Qc2 Qc7
16.b3 g6 17.Bb2 Nh5 18.Bf1 Nf4 19.c4 bxa4 20.Rxa4 exd4 21.g3 Ne6 22.Nxd4 Nec5
23.Raa1 a5 24.Bc3 Qb6 25.Rad1 Na6 26.N4f3 Nb4 27.Qb2 Rad8 28.e5 dxe5 29.Ne4 c5
30.Rxd7 Rxd7 31.Nxe5 Rxe5 32.Bxe5 Bxe4 33.Rxe4 Nd3 34.Qc2 Nxe5  1/2-1/2

[Event "17th TCh-Eur"]
[Site "Novi Sad SRB"]
[Date "2009.10.25"]
[Round "4"]
[White "Fressinet,L"]
[Black "McShane,L"]
[Result "1-0"]
[WhiteElo "2658"]
[BlackElo "2615"]

1.d4 Nf6 2.c4 g6 3.Nc3 Bg7 4.e4 d6 5.Nf3 O-O 6.Be2 e5 7.Be3 Nbd7 8.O-O Re8
9.Qc2 exd4 10.Nxd4 c6 11.Rad1 a6 12.f3 d5 13.cxd5 cxd5 14.f4 Nxe4 15.Nxd5 Nef6
16.Nc7 Rxe3 17.Nxa8 Nd5 18.Bc4 N7f6 19.f5 Bd7 20.Bxd5 Nxd5 21.Qc5 Qxa8 22.Qxd5 Be8
23.f6 Bf8 24.Kh1 Qb8 25.Qg5 Re4 26.Rfe1 h6 27.Qg3 Rxe1+ 28.Rxe1 Qd8 29.Nf5 Kh7
30.Ne7 h5 31.Qe5 Bb5 32.b3 Qd2 33.a4 Bd3 34.Rg1 Bc2 35.h3 Qb4 36.Rc1 Qxb3
37.Kh2 Bh6 38.Rf1 Qd3 39.Qb8 Bd2 40.Qf8  1-0

[Event "17th TCh-Eur"]
[Site "Novi Sad SRB"]
[Date "2009.10.27"]
[Round "6"]
[White "McShane,L"]
[Black "Shengelia,D"]
[Result "1-0"]
[WhiteElo "2615"]
[BlackElo "2560"]

1.e4 c6 2.Nf3 d5 3.Nc3 a6 4.h3 Nf6 5.e5 Ne4 6.Nb1 Qb6 7.Qe2 h6 8.d3 Ng5 9.Nh2 Ne6
10.c3 g5 11.g3 d4 12.Bg2 Nd7 13.O-O Bg7 14.Nf3 h5 15.Nxg5 Nxe5 16.Na3 dxc3
17.Nxe6 Bxe6 18.bxc3 Rd8 19.Rb1 Qa5 20.d4 Nd7 21.Rxb7 Qxc3 22.Bb2 Qa5 23.d5 cxd5
24.Bxg7 Rg8 25.Qb2 Rxg7 26.Qxg7 Qxa3 27.f4 Qc5+ 28.Kh2 d4 29.Re1 Rc8 30.Re5 Qc2
31.Rxh5 Nf8 32.Rh8  1-0

[Event "39th Rilton Cup"]
[Site "Stockholm SWE"]
[Date "2009.12.27"]
[Round "1"]
[White "Von Bahr,O"]
[Black "McShane,L"]
[Result "0-1"]
[WhiteElo "2316"]
[BlackElo "2615"]

1.e4 e5 2.Nf3 Nc6 3.Bb5 a6 4.Ba4 Nf6 5.O-O Be7 6.Re1 b5 7.Bb3 d6 8.c3 O-O
9.h3 Nb8 10.d4 Nbd7 11.Nbd2 Bb7 12.Bc2 Re8 13.Nf1 Bf8 14.Ng3 g6 15.b3 c6
16.Qd2 Bg7 17.Ba3 Qc7 18.Rad1 Rad8 19.Bb1 c5 20.d5 Nb6 21.Nh2 c4 22.Ng4 Nxg4
23.hxg4 Rc8 24.Rc1 a5 25.Nf1 Ba6 26.Qe3 Rb8 27.Nd2 Qd8 28.g5 Bf8 29.g3 cxb3
30.axb3 Bc8 31.Bd3 Bd7 32.Kg2 Ra8 33.Ra1 a4 34.Bb4 Be7 35.f4 exf4 36.gxf4 Bf8
37.Qg3 axb3 38.Nxb3 Qc7 39.Nd4 Nc4 40.Qh4 Rxa1 41.Rxa1 Ne3+ 42.Kf3 Ng4 43.Rg1 h5
44.gxh6 Be7 45.Qh1 Nf6 46.f5 Kh8 47.fxg6 fxg6 48.Rxg6 Rf8 49.Ke2 Ng4 50.Nf5 Bxf5
51.exf5 Ne5 52.Qe4 Bf6 53.Bxb5 Qb8 54.c4 Qa7 55.Bd2 Rf7 56.Qg2 Nxg6 57.fxg6 Re7+
58.Kf3 Qa3+ 59.Kg4 Qd3 60.g7+ Kg8 61.Bf4 Qg6+ 62.Kf3 Qd3+ 63.Kg4 Re2 64.Qf3 Qg6+
65.Kh3 Re1 66.Bd7 Kh7 67.Be6 Rxe6 68.dxe6 Qf5+ 69.Qg4 Qd3+ 70.Bg3 Kg8 71.Qh5 Qf1+
72.Kh2 Be7 73.Qf7+ Qxf7 74.exf7+ Kxf7 75.Bf2 Bf6 76.Be3 Bc3 77.Kg3 Kg8 78.Kg4 Kf7
79.Kf5 Bb4  0-1

[Event "39th Rilton Cup"]
[Site "Stockholm SWE"]
[Date "2009.12.28"]
[Round "2"]
[White "McShane,L"]
[Black "Shimanov,A"]
[Result "1/2-1/2"]
[WhiteElo "2615"]
[BlackElo "2535"]

1.e4 e6 2.d4 d5 3.Nd2 c5 4.Ngf3 cxd4 5.Nxd4 Nf6 6.exd5 Qxd5 7.N2f3 Nc6 8.Nxc6 Qxc6
9.Bd3 Qc7 10.O-O Bd6 11.Bg5 Bd7 12.Qe2 Nd5 13.c4 Nf4 14.Bxf4 Bxf4 15.g3 Bd6
16.Rfd1 Rd8 17.Rac1 b6 18.a3 a5 19.Be4 g6 20.Qe3 O-O 21.Qh6 f5 22.Ng5 Bc8
23.Bg2 Qg7 24.Qxg7+ Kxg7 25.Bc6 Be7 26.Nf3 g5 27.Ne5 Kf6 28.Nd7+ Bxd7 29.Bxd7 Bc5
30.Kg2 e5 31.Rd5 Rf7 32.Bc6 Rxd5 33.Bxd5 Rd7 34.Rc2 g4 35.h3 h5 36.hxg4 hxg4
37.Re2 Rh7 38.Re1 Bd4 39.b4 Ra7 40.Re2 axb4 41.axb4 Ra4 42.c5 bxc5 43.bxc5 Bxc5
44.Rc2 Ra5 45.Ra2 Rb5 46.Bc4 Rb4 47.Be2 Kg5 48.Rc2 Bd4 49.Ra2 Rb3 50.Rd2 Bb6
51.Bd1 Rb1 52.Be2 f4 53.gxf4+ exf4 54.Rd5+ Kh4 55.Rd7 f3+ 56.Bxf3 gxf3+ 57.Kxf3 Rb2
58.Ke4 Re2+ 59.Kd3 Rxf2 60.Rg7 Bd8 61.Ke3 Rf8 62.Rg2 Bg5+ 63.Ke4 Kh5 64.Rc2 Kg6
65.Rc6+ Bf6 66.Rc5 Re8+ 67.Kf4 Rh8 68.Ke4 Rh4+ 69.Kd3 Rd4+ 70.Ke3 Rd6 71.Ke4 Kf7
72.Kf5 Be7 73.Re5 Rh6 74.Ke4 Bd6 75.Rg5 Ke6 76.Rg4 Be5 77.Rg8 Rh4+ 78.Kd3 Kd5
79.Rd8+ Bd6 80.Re8 Rh1 81.Re2 Bc5 82.Rc2 Rh3+ 83.Ke2 Bd4 84.Rd2 Ke4 85.Rc2 Bc3
86.Kd1 Rd3+ 87.Ke2 Re3+ 88.Kf2 Kf4 89.Kf1 Rh3 90.Ke2 Bd4 91.Rd2 Ke4 92.Rc2 Bc3
93.Kd1 Kd3 94.Rd2+ Kc4 95.Re2 Kb3 96.Re4 Rh2 97.Re3 Rf2 98.Rd3 Kc4 99.Re3 Kd4
100.Re2 Rf1+ 101.Kc2 Ra1 102.Re8 Ra2+ 103.Kd1 Kd3 104.Rd8+ Bd4 105.Rc8 Rb2
106.Rc7 Rb8 107.Rc2 Rb1+ 108.Rc1 Rb2  1/2-1/2

[Event "39th Rilton Cup"]
[Site "Stockholm SWE"]
[Date "2009.12.29"]
[Round "3"]
[White "Berczes,D"]
[Black "McShane,L"]
[Result "0-1"]
[WhiteElo "2512"]
[BlackElo "2615"]

1.d4 Nf6 2.c4 g6 3.Nc3 Bg7 4.e4 d6 5.Nf3 O-O 6.Be2 e5 7.O-O Nbd7 8.Qc2 c6
9.d5 c5 10.Bg5 Kh8 11.a3 Rg8 12.Ne1 Qf8 13.Nd3 Ne8 14.Kh1 f6 15.Be3 Nb6 16.Nb5 f5
17.f3 Nd7 18.b4 b6 19.g4 Qe7 20.a4 a5 21.bxa5 bxa5 22.Rab1 f4 23.Bf2 Bf6
24.Rg1 Kg7 25.Qc3 Rh8 26.Rg2 h6 27.Qa3 Ba6 28.Qc3 Qd8 29.Be1 Bc8 30.Bf2 g5
31.Nxd6 Nxd6 32.Nxc5 Nf8 33.Nd3 h5 34.gxh5 Nf7 35.Rb6 Bh3 36.Rg1 Nd7 37.Rb7 Qc8
38.Rb3 Rxh5 39.Rgb1 Qh8 40.Bg1 Qh7 41.Nf2 Rh8 42.R3b2 Bf5 43.Kg2 Rxh2+ 44.Bxh2 Qxh2+
45.Kf1 Bh3+ 46.Nxh3 Rxh3 47.Ke1 Nc5  0-1

[Event "39th Rilton Cup"]
[Site "Stockholm SWE"]
[Date "2009.12.31"]
[Round "5"]
[White "Ivanov,Sergey1"]
[Black "McShane,L"]
[Result "1/2-1/2"]
[WhiteElo "2530"]
[BlackElo "2615"]

1.d4 Nf6 2.c4 g6 3.Nf3 Bg7 4.g3 O-O 5.Bg2 d6 6.O-O Nbd7 7.Nc3 e5 8.e4 exd4
9.Nxd4 Re8 10.h3 c6 11.Bf4 Ne5 12.b3 Nfd7 13.Qc2 Nxc4 14.bxc4 Bxd4 15.Rad1 Qf6
16.Bg5 Qxg5 17.Rxd4 Nb6 18.Ne2 Be6 19.Nf4 Qc5 20.Rfd1 Bxc4 21.Rxd6 Qe5 22.a4 Ba6
23.h4 Qg7 24.R6d4 Qe5 25.Rd6 Kg7 26.h5 Nc4 27.R6d4 Nb6 28.Rd6 Nc4 29.R6d4 Nb6  1/2-1/2

[Event "39th Rilton Cup"]
[Site "Stockholm SWE"]
[Date "2010.01.02"]
[Round "6"]
[White "McShane,L"]
[Black "Yuneev,A"]
[Result "1-0"]
[WhiteElo "2615"]
[BlackElo "2428"]

1.e4 c5 2.Nf3 d6 3.Nc3 Nc6 4.d4 cxd4 5.Nxd4 e6 6.g4 d5 7.Bb5 Ne7 8.exd5 exd5
9.Qe2 Qd6 10.Be3 h5 11.gxh5 Be6 12.O-O-O O-O-O 13.Ne4 Qe5 14.Nxe6 Qxe6 15.Nc5 Qf5
16.Rhg1 Qxh5 17.Qd3 d4 18.Rg5 Qf3 19.Bd2 Qxd3 20.Nxd3 Rxh2 21.Bc4 g6 22.Bxf7 Bh6
23.Rg4 Bxd2+ 24.Rxd2 Rd6 25.b4 Rh5 26.Re2 a5 27.a3 axb4 28.axb4 Rf6 29.Bb3 Nd5
30.Re8+ Kd7 31.Re1 Nc3 32.Kb2 b6 33.Reg1 Rh6 34.Rg5 Ne4 35.R5g2 Kd6 36.Bc4 Nd2
37.Bb5 Nf3 38.Rd1 Nce5 39.Kb3 Nxd3 40.cxd3 Rh5 41.Ba6 Ne5 42.Bb7 Rh7 43.Be4 Rc7
44.Ka4 Rc2 45.Kb5 Rcxf2 46.Rg5 Rb2 47.Ra1 Nf7 48.Rxg6 Rxg6 49.Bxg6 Ne5 50.Be4 Rb3
51.Rh1 Nxd3 52.Kc4 Rxb4+ 53.Kxd3 Ke5 54.Rh5+ Kd6 55.Rg5 Ke6 56.Bd5+ Kd6 57.Bc4 Kc6
58.Rg6+ Kc5 59.Rg8 Kc6 60.Rg5 Kd6 61.Bg8 Kc6 62.Ke4 Kd6 63.Rg3 Kc5 64.Rg6 Ra4
65.Rg5+ Kc6 66.Bf7 Rb4 67.Bh5 Kd6 68.Be2 Kc6 69.Bd3 Kd6 70.Rg8 Kc6 71.Ke5 Ra4
72.Rc8+ Kb7 73.Rc1 Rb4 74.Kd6 Rb3 75.Rc7+ Kb8 76.Be4 Rh3 77.Rg7 Rh6+ 78.Kd7 Rh8
79.Kc6 Re8 80.Kxb6 d3 81.Bc6  1-0

[Event "39th Rilton Cup"]
[Site "Stockholm SWE"]
[Date "2010.01.03"]
[Round "7"]
[White "Ionov,S"]
[Black "McShane,L"]
[Result "1/2-1/2"]
[WhiteElo "2545"]
[BlackElo "2615"]

1.d4 d5 2.Nf3 Nf6 3.c4 c6 4.e3 Bf5 5.Nc3 e6 6.Nh4 Bg4 7.Qb3 Qc7 8.h3 Bh5
9.g4 Bg6 10.Nxg6 hxg6 11.g5 dxc4 12.Qxc4 Nd5 13.Bg2 Nd7 14.Bd2 O-O-O 15.O-O-O N7b6
16.Qb3 Kb8 17.Kb1 f6 18.Ne2 f5 19.f3 Qf7 20.Ba5 f4 21.Nxf4 Nxf4 22.Bxb6 axb6
23.exf4 b5 24.Rhe1 Re8 25.Re4 Bd6 26.Rde1 Bxf4 27.Rxe6 Rxe6 28.Qxe6 Qxe6
29.Rxe6 Rd8 30.Re4 Bxg5 31.Rg4 Bf6 32.Rxg6 Rxd4 33.Kc2 Rc4+ 34.Kb1 Rc5 35.Rg4 Re5
36.Re4 Rd5 37.Kc2 Bxb2 38.f4 Bf6 39.Re8+ Rd8 40.Rxd8+ Bxd8 41.Be4 Bc7 42.Bf5 Bxf4
43.Bg4 Bg5 44.Bf5 Kc7 45.Bg4 Kb6 46.Bc8 Be7 47.Bg4 c5 48.Bf3 Ka6 49.Be4 Bf6
50.Bf3 b6 51.Bc6 Ka5 52.Kb3 Be7 53.Bd7 Bh4 54.Bc6 Be1 55.Bd7 Bb4 56.Bc6 c4+
57.Kc2 Ka4 58.Bd7 Be7 59.Bc6 Ka5 60.Bd7 b4 61.Bc6 b5 62.Bd7 Ka4 63.Bc6 Bf6
64.Bd7 g5 65.Bc6 b3+ 66.axb3+ cxb3+ 67.Kb1 Kb4 68.Bd7 Be5  1/2-1/2

[Event "39th Rilton Cup"]
[Site "Stockholm SWE"]
[Date "2010.01.04"]
[Round "8"]
[White "McShane,L"]
[Black "Grandelius,N"]
[Result "1-0"]
[WhiteElo "2615"]
[BlackElo "2540"]

1.c4 Nf6 2.Nf3 e6 3.g3 d5 4.Bg2 dxc4 5.Qa4+ c6 6.Qxc4 b5 7.Qb3 Bb7 8.O-O Nbd7
9.d4 a6 10.a4 c5 11.axb5 Bd5 12.Qc2 Be4 13.Qd1 axb5 14.Rxa8 Qxa8 15.Bg5 Be7
16.dxc5 Nxc5 17.Bxf6 Bxf6 18.Qd6 Be7 19.Qc7 Na6 20.Qa5 Bc6 21.Rc1 O-O 22.Nbd2 Qb7
23.Qc3 Nb4 24.Nb3 Bd5 25.Nc5 Bxc5 26.Qxc5 Na2 27.Rd1 Rc8 28.Qd4 h6 29.Ne1 Bxg2
30.Nxg2 Rc1 31.Rxc1 Nxc1 32.Qd8+ Kh7 33.Qd1 Qc6 34.Ne3 b4 35.f3 Qc5 36.Kf2 b3
37.Qd7 Qe5 38.Qd2 Qc5 39.Qd7 Qe5 40.Qd2 Qc5 41.f4 g6 42.h4 h5 43.Qd7 Kg7
44.Qa4 Qb6 45.Qc4 Na2 46.Qd3 Kg8 47.Kf1 Qb7 48.Kf2 Qb6 49.Qc4 Kg7 50.Kf3 Qb7+
51.Qe4 Qb6 52.Qe5+ Kg8 53.Nc4 Qc6+ 54.Qe4 Qc5 55.Ne5 Qg1 56.Qc6 Qf1+ 57.Ke3 Qg1+
58.Kd2 Qd4+ 59.Nd3 Kg7 60.Qb5 Qd5 61.Qxd5 exd5 62.Ke3 Kf6 63.Kd4 Kf5 64.Kxd5 Kg4
65.Kc4 Kxg3 66.Kxb3 Kxh4 67.Kxa2 Kg3 68.b4 h4 69.Ne1 h3 70.Nf3 Kxf4 71.b5 h2
72.Nxh2 Ke5 73.Kb3 Kd6 74.Kc4 g5 75.e4  1-0

[Event "39th Rilton Cup"]
[Site "Stockholm SWE"]
[Date "2010.01.05"]
[Round "9"]
[White "Wojtaszek,R"]
[Black "McShane,L"]
[Result "1/2-1/2"]
[WhiteElo "2637"]
[BlackElo "2615"]

1.d4 Nf6 2.c4 g6 3.g3 Bg7 4.Bg2 O-O 5.Nc3 d6 6.Nf3 c6 7.O-O Bf5 8.Nh4 Be6
9.d5 cxd5 10.cxd5 Bd7 11.Be3 Na6 12.Nf3 Qa5 13.Nd4 Rfc8 14.Nb3 Qd8 15.h3 Be8
16.Bd4 Nd7 17.Bxg7 Kxg7 18.Qd4+ Kg8 19.Rac1 Qb6 20.Rfd1 Rc7 21.Na4 Qxd4 22.Nxd4 Rac8
23.Rxc7 Rxc7 24.Nb5 Rc2 25.Nd4 Rc8 26.Nc3 Nb6 27.e3 Na4 28.Nxa4 Bxa4 29.Ra1 Rc5
30.a3 Nc7 31.b3 Bd7 32.Kf1 Nb5 33.Ne2 Nc3 34.Nd4 Nb5 35.Ne2 Nc7 36.Rc1 Rxc1+
37.Nxc1 Nb5 38.a4 Nc3 39.Ne2 Na2 40.Ke1 a5 41.Kd2 Kf8 42.Nd4 Ke8 43.Nc2 Kd8
44.Na3 Kc7 45.Nc4 b6 46.h4 h6 47.e4 f6 48.f4 e5 49.Ne3 exf4 50.gxf4 g5 51.fxg5 fxg5
52.hxg5 hxg5 53.Nc4 Nb4 54.e5 dxe5 55.Nxe5 Kd6 56.Nf7+ Kc5 57.Nxg5 Nxd5 58.Bxd5 Kxd5  1/2-1/2

[Event "Bundesliga 2009-10"]
[Site "Muenchen GER"]
[Date "2010.02.07"]
[Round "9"]
[White "Bezold,M"]
[Black "McShane,L"]
[Result "1-0"]
[WhiteElo "2517"]
[BlackElo "2615"]

1.c4 e5 2.g3 d6 3.Bg2 f5 4.Nc3 Nf6 5.d3 Be7 6.e3 O-O 7.Nge2 c6 8.f4 Na6 9.O-O Bd7
10.Qd2 Rb8 11.b3 Nc7 12.Bb2 Ng4 13.h3 Nh6 14.Kh2 Nf7 15.Rae1 b5 16.e4 fxe4
17.Bxe4 b4 18.Nd1 Bf6 19.d4 Ne6 20.Ne3 exf4 21.gxf4 Re8 22.Ng4 Bh4 23.Ng3 Nf8
24.d5 c5 25.Re3 Bxg4 26.hxg4 Nh6 27.Kh3 Bxg3 28.Kxg3 Ng6 29.Bxg6 hxg6 30.Rfe1 Qd7
31.Re6 Rxe6 32.Rxe6 Re8 33.f5 gxf5 34.Qg5 f4+ 35.Kf2 Nxg4+  1-0

[Event "Bundesliga 2009-10"]
[Site "Bremen GER"]
[Date "2010.04.10"]
[Round "14"]
[White "McShane,L"]
[Black "Werle,J"]
[Result "1/2-1/2"]
[WhiteElo "2615"]
[BlackElo "2563"]

1.e4 e5 2.Nf3 Nc6 3.Bc4 Nf6 4.d3 Bc5 5.c3 Bb6 6.Bb3 d6 7.Nbd2 O-O 8.Nc4 Ne7
9.h3 Ng6 10.O-O Be6 11.Ng5 Bxc4 12.Bxc4 c6 13.Bb3 d5 14.Qe2 Qd7 15.Kh2 Rae8
16.g3 Kh8 17.Be3 h6 18.Nf3 Nh7 19.Bxb6 axb6 20.Qe3 b5 21.exd5 cxd5 22.Qc5 Rd8
23.Rad1 Rfe8 24.Rfe1 f5 25.c4 bxc4 26.dxc4 d4 27.Nxe5 Nxe5 28.Rxe5 Rxe5 29.Qxe5 Ng5
30.Rd3 Ne4 31.f3 Ng5 32.Kg2 Nf7 33.Qe1 Qc7 34.Qf2 Qc5 35.f4 b6 36.a3 Qc6+
37.Qf3 Qf6 38.Qf2 Qc6+ 39.Kh2 Qc5 40.Ba2 Qe7 41.Bb1 Rd6 42.Rd2 Re6 43.Bxf5 Re3
44.Bd3 Qf6 45.Qf1 Nd6 46.Qd1 Ne4 47.Bxe4 Rxe4 48.b3 Qe7 49.Kg2 Re1 50.Qf3 Re3
51.Qa8+ Kh7 52.Rf2 Rxb3 53.Qd5 Qxa3 54.Qe4+  1/2-1/2

[Event "Bundesliga 2009-10"]
[Site "Bremen GER"]
[Date "2010.04.11"]
[Round "15"]
[White "Dgebuadze,A"]
[Black "McShane,L"]
[Result "1/2-1/2"]
[WhiteElo "2521"]
[BlackElo "2615"]

1.d4 Nf6 2.Nf3 g6 3.c3 Bg7 4.Bg5 O-O 5.Nbd2 d6 6.e4 Nc6 7.Bc4 e5 8.dxe5 dxe5
9.O-O h6 10.Be3 Qe7 11.b4 b6 12.Qa4 Nd8 13.Rfe1 Ng4 14.Nf1 Bb7 15.N3d2 a6
16.Qc2 Ne6 17.a4 Rad8 18.a5 b5 19.Bxe6 Nxe3 20.Rxe3 Qxe6 21.Nb3 Qc6 22.Nc5 Bc8
23.Rd3 Bf6 24.Rad1 Rxd3 25.Qxd3 Be7 26.Qd5 Qxd5 27.Rxd5 c6 28.Rd3 f5 29.Nd2 Kf7
30.Kf1 Ke8 31.Ke2 Rf6 32.Rh3 Bf8 33.Re3 f4 34.Rd3 Bd6 35.Nf3 Ke7 36.h3 g5
37.Rd1 Bc7 38.Nd3 Re6 39.Nc5 Rf6 40.Nd3 Re6 41.Nc5 Rg6 42.Nd3 Kf6 43.Ndxe5 Bxe5
44.Rd8 g4 45.Rf8+ Kg7 46.Nxe5 f3+ 47.gxf3 gxh3 48.Rxc8 h2 49.Rc7+ Kg8 50.Nxg6 h1=Q
51.Ne7+ Kf8 52.Nf5 Qc1 53.Rxc6 h5 54.e5 Qc2+ 55.Ke3 Qc1+ 56.Ke4 Qc2+ 57.Kf4 Qd2+
58.Ke4 Qc2+ 59.Kf4 Qd2+  1/2-1/2

[Event "Canadian Open"]
[Site "Toronto CAN"]
[Date "2010.07.10"]
[Round "1"]
[White "McShane,L"]
[Black "Chung,K"]
[Result "1-0"]
[WhiteElo "2624"]
[BlackElo "2060"]

1.e4 e6 2.d4 d5 3.Nc3 Bb4 4.e5 c5 5.a3 Bxc3+ 6.bxc3 Ne7 7.h4 Nbc6 8.h5 h6
9.Nf3 Qa5 10.Bd2 c4 11.Nh4 Qa4 12.g4 Bd7 13.Bh3 O-O-O 14.f4 f6 15.exf6 gxf6
16.f5 exf5 17.gxf5 Rde8 18.O-O Nd8 19.Bf4 Nf7 20.Bh2 Rhg8+ 21.Bg2 Qa5 22.Qf3 Kd8
23.Rae1 Nc8 24.Ng6 Ncd6 25.Qxd5 Qxd5 26.Bxd5 Rxe1 27.Rxe1 Re8 28.Re6 Nxf5
29.Rxf6 Ng5 30.Be5 b5 31.Kf2 Nh3+ 32.Ke1 Ne3 33.Bf7 Nxc2+ 34.Kd2 Nxa3 35.Bxe8 Bxe8
36.Bd6 b4 37.Bxb4 Nb5 38.Ba5+ Kc8 39.Rf8 Kd7 40.Ne5+  1-0

[Event "Canadian Open"]
[Site "Toronto CAN"]
[Date "2010.07.11"]
[Round "2"]
[White "Bekefi,L"]
[Black "McShane,L"]
[Result "0-1"]
[WhiteElo "2267"]
[BlackElo "2624"]

1.Nf3 Nf6 2.g3 g6 3.b3 Bg7 4.Bb2 d6 5.Bg2 e5 6.O-O O-O 7.d4 e4 8.Ne1 h5 9.c4 Re8
10.Nc2 h4 11.Nc3 c6 12.d5 c5 13.Qd2 h3 14.Bh1 Ng4 15.Nd1 Bxb2 16.Nxb2 Qf6
17.Rab1 Bf5 18.Nd1 Nd7 19.Nde3 Nxe3 20.Nxe3 Re7 21.Rbd1 Ne5 22.f3 exf3 23.Bxf3 Bd7
24.Bg4 Qg7 25.Bxd7 Nxd7 26.Ng4 f5 27.Nf2 Qh7 28.Nd3 Rae8 29.Rde1 Re4 30.Qg5 Rg4
31.Qd2 Nf6 32.Nf4 Ne4 33.Qe3 Re5 34.Qc1 g5 35.Nd3 Qh4 36.Rf3 Re7 37.Nf2 Nxf2
38.Kxf2 Qh7 39.Rf1 Re5 40.Qd2 Qe7 41.Ke1 Rge4 42.R1f2 Qf6 43.Kd1 b6 44.Kc2 Qe7
45.Kd1 Kg7 46.Rd3 Kg6 47.Qc2 g4 48.Rd2 a6 49.a4 Qb7 50.Qa2 Re8 51.Rf1 b5
52.cxb5 axb5 53.a5 Qa6 54.Qa1 R8e5 55.Rf2 Kf7 56.Rf4 Re3 57.b4 Qa7 58.a6 cxb4
59.Qa5 Ra3 60.Qxb5 Qg1+  0-1

[Event "Canadian Open"]
[Site "Toronto CAN"]
[Date "2010.07.14"]
[Round "5"]
[White "McShane,L"]
[Black "Harikrishna,P"]
[Result "1/2-1/2"]
[WhiteElo "2624"]
[BlackElo "2646"]

1.e4 c6 2.Nf3 d5 3.Nc3 Bg4 4.h3 Bxf3 5.Qxf3 e6 6.a3 Nd7 7.d3 Bc5 8.Qg3 Qf6
9.h4 Qg6 10.Qg5 Ne7 11.g3 Qf6 12.Rh2 h6 13.Qxf6 Nxf6 14.f3 Nh5 15.Ne2 Bd6
16.f4 dxe4 17.dxe4 e5 18.f5 Nf6 19.Bg2 Ng4 20.Rh1 Bc5 21.Bf3 Ne3 22.Bxe3  1/2-1/2

[Event "Canadian Open"]
[Site "Toronto CAN"]
[Date "2010.07.15"]
[Round "6"]
[White "Shabalov,A"]
[Black "McShane,L"]
[Result "0-1"]
[WhiteElo "2578"]
[BlackElo "2624"]

1.d4 Nf6 2.c4 g6 3.Nc3 Bg7 4.e4 d6 5.f4 O-O 6.Nf3 Na6 7.Bd3 e5 8.fxe5 dxe5
9.d5 Ne8 10.O-O c5 11.a3 Bd7 12.Qe1 Qe7 13.Bg5 f6 14.Be3 Nd6 15.Rb1 Rfc8
16.Qh4 b6 17.Kh1 Nf7 18.Nd2 Nc7 19.b4 Na6 20.d6 Qxd6 21.Nd5 Rf8 22.Rf3 Nc7
23.bxc5 bxc5 24.Rbf1 Nxd5 25.cxd5 Rac8 26.Qf2 Qe7 27.Rc1 Bh6 28.Bxc5 Rxc5
29.Qxc5 Qxc5 30.Rxc5 Bxd2 31.Rc7 Rd8 32.Rxf6 Kg7 33.Rf1 Nd6 34.Rxa7 h5 35.Ra6 Nb7
36.Ra7 Nd6 37.a4 Be3 38.Ra6 Nb7 39.Bb5 Nc5 40.Ra7 Kh6 41.Bxd7 Nxd7 42.Rc7 h4
43.Rc3 Bd4 44.Rh3 Kg7 45.Rb1 g5 46.g3 Nc5 47.gxh4 Nxe4 48.Rf3 gxh4 49.Kg2 Kh6
50.Rd3 Rg8+ 51.Kf3 Rf8+  0-1

[Event "Canadian Open"]
[Site "Toronto CAN"]
[Date "2010.07.16"]
[Round "7"]
[White "McShane,L"]
[Black "Rozentalis,E"]
[Result "1/2-1/2"]
[WhiteElo "2624"]
[BlackElo "2631"]

1.e4 e5 2.Nf3 Nf6 3.Nxe5 d6 4.Nf3 Nxe4 5.d4 Be7 6.Bd3 Ng5 7.Nbd2 Bg4 8.h3 Nxf3+
9.Nxf3 Bh5 10.Qe2 Nd7 11.g4 Bg6 12.Bxg6 hxg6 13.Bg5 Kf8 14.Be3 Nb6 15.O-O-O Qd7
16.d5 Re8 17.b3 Bf6 18.Qd3 Qe7 19.g5 Be5 20.h4 Qd7 21.c4 Qg4 22.Nxe5 Rxe5
23.Bd4 Re4 24.f3 Qf4+ 25.Kb2 Re7 26.Qc3 Rxh4 27.Bxg7+ Ke8 28.Rhe1 Nd7 29.Bf6 Nxf6
30.gxf6 Rxe1 31.Rxe1+ Kd8 32.Re7 Qd4 33.Qxd4 Rxd4 34.Rxf7 Rf4 35.Rf8+ Kd7
36.Rf7+ Kd8 37.Rf8+ Kd7 38.a4 a5 39.Rf7+ Kd8 40.Rf8+ Kd7 41.Rf7+  1/2-1/2

[Event "39th Olympiad Men"]
[Site "Khanty-Mansiysk RUS"]
[Date "2010.09.23"]
[Round "3"]
[White "McShane,L"]
[Black "Steel,H"]
[Result "0-1"]
[WhiteElo "2657"]
[BlackElo "2300"]

1.e4 c5 2.Nf3 d6 3.d4 cxd4 4.Nxd4 Nf6 5.Nc3 g6 6.Be2 Bg7 7.O-O O-O 8.Bg5 Nc6
9.Nb3 Be6 10.Re1 Rc8 11.Bf1 h6 12.Bh4 Ne5 13.h3 Re8 14.f4 Nc4 15.Bxc4 Bxc4
16.Qf3 b5 17.Nd2 b4 18.Nd1 Ba6 19.Ne3 Bb7 20.a3 d5 21.e5 Nh5 22.Bf2 Qd7 23.Ng4 Rxc2
24.e6 Qc6 25.f5 Rxd2 26.Rac1 Qd6 27.fxg6 f6 28.Ne5 Ba8 29.Qf5 d4 30.Nf3 Rxf2
31.Kxf2 Qg3+ 32.Kf1 Nf4 33.Qg4 Qxg4 34.hxg4 Bxf3 35.gxf3 Nd3 36.axb4 Nxc1
37.Rxc1 f5 38.Ke2 fxg4 39.fxg4 Bf6 40.Ra1 Rb8 41.Ra4 Kg7 42.Kd3 Kxg6 43.Kc4 Rc8+
44.Kd3 Kg5 45.Rxa7 Kxg4 46.Ke4 h5 47.Ra1 Kg3 48.b5 h4 49.b6 h3 50.Kd5 h2
51.b4 d3 52.Rd1 d2 53.b7 Rb8 54.Kc6 Kf3  0-1

[Event "39th Olympiad Men"]
[Site "Khanty-Mansiysk RUS"]
[Date "2010.09.24"]
[Round "4"]
[White "McShane,L"]
[Black "Yilmaz,M"]
[Result "1-0"]
[WhiteElo "2657"]
[BlackElo "2482"]

1.Nf3 Nf6 2.c4 c6 3.d4 d5 4.e3 Bf5 5.Nc3 e6 6.Nh4 Be4 7.f3 Bg6 8.Qb3 Qc7
9.Bd2 Be7 10.g3 Nbd7 11.cxd5 Nxd5 12.Nxg6 hxg6 13.Kf2 O-O 14.e4 Nxc3 15.bxc3 b5
16.Be2 Rab8 17.Rac1 c5 18.f4 c4 19.Qc2 f5 20.Bf3 Nf6 21.h4 Ba3 22.Rb1 Qd7
23.e5 Nd5 24.h5 gxh5 25.Rxh5 g6 26.Rh2 Kg7 27.g4 fxg4 28.Bxg4 Rh8 29.Rg2 Qf7
30.Rbg1 Ne7 31.f5 exf5 32.Bf3 Rb6 33.Bg5 b4 34.Bxe7 Qxe7 35.Qxf5 Rh6 36.Be4 bxc3
37.Rxg6+ Rhxg6 38.Rxg6+ Rxg6 39.Qxg6+ Kf8 40.Qh6+ Ke8 41.Qc6+ Kf8 42.Qc8+ Kg7
43.Qg4+ Kf8 44.Bd5 Ke8 45.Qc8+ Qd8 46.Bc6+ Ke7 47.Qxd8+ Kxd8 48.Ba4 Kc7 49.Ke3 Kb6
50.Ke4 Ka5 51.Bd1 Bf8 52.Kd5 Kb4 53.a4 a6 54.Bc2 a5 55.e6 Ka3 56.Kxc4 Kb2
57.Bg6 c2 58.Bxc2 Kxc2 59.d5 Kb2 60.Kb5 Kb3 61.Kc6 Kxa4 62.d6 Kb3 63.e7 Bxe7
64.dxe7 a4 65.e8=Q a3 66.Qh8  1-0

[Event "39th Olympiad Men"]
[Site "Khanty-Mansiysk RUS"]
[Date "2010.09.25"]
[Round "5"]
[White "Tkachiev,V"]
[Black "McShane,L"]
[Result "1/2-1/2"]
[WhiteElo "2632"]
[BlackElo "2657"]

1.d4 Nf6 2.c4 g6 3.Nf3 Bg7 4.g3 O-O 5.Bg2 d6 6.O-O c6 7.Nc3 Bf5 8.Ne1 Qc8
9.e4 Bh3 10.Qe2 a6 11.Nd3 Bxg2 12.Kxg2 b5 13.c5 dxc5 14.Nxc5 Nfd7 15.Nxd7 Nxd7
16.Be3 Qb7 17.f3 Rac8 18.Rac1 Rfe8 19.Rfd1 e6 20.Nb1 Bf8 21.Qf2 e5 22.b3 h5
23.Nc3 exd4 24.Bxd4 Bh6 25.Be3 Bg7 26.Ne2 Rcd8 27.Nf4 Ne5 28.Qc2 Qe7 29.Bb6 Rxd1
30.Rxd1 Rc8 31.Bc5 Qe8 32.Qd2 Bf6 33.Qa5 Kg7 34.Rd2 Rd8 35.Rc2 Rd1 36.Rd2 Rc1
37.Bd4 h4 38.Qa3 Rb1 39.Qd6 hxg3 40.hxg3 Qh8 41.Nh3 Rh1 42.Bxe5 Qxh3+ 43.Kf2 Bxe5
44.Qxe5+ Kh7 45.Qf6 Qf1+ 46.Ke3 Qe1+ 47.Kd3 Qf1+ 48.Ke3 Qe1+ 49.Kd3 Qb1+
50.Ke3 Qe1+  1/2-1/2